Logo BPK

Biblioteka

Politechniki Koszalińskiej

Die Jungfrau von Orleans : (Rekord nr 45947)

Szczegóły MARC
000 -ETYKIETA REKORDU
podpole kontrolne o stałej długości 00771nam a2200229 i 4500
001 - NUMER KONTROLNY REKORDU
pole kontrolne bg
020 ## - MIĘDZYNARODOWY ZNORMALIZOWANY NUMER KSIĄŻKI - ISBN
ISBN 3150000475
040 ## - ŹRÓDŁO KATALOGOWANIA
Instytucja, która utworzyła rekord BPK
041 0# - KOD JĘZYKA
Kod języka tekstu ger
080 ## - UNIWERSALNA KLASYFIKACJA DZIESIĘTNA - UKD
UKD 821.112.2-2
920 ## - Międzynarodowy znormalizowany numer książki – ISBN
ISBN 3-15-000047-5
008 - POLE O STAŁEJ DŁUGOŚCI - DANE KONTROLNE
podpole kontrolne o stałej długości s pl f |000 0 pol
100 1# - NAZWA OSOBOWA
Nazwa osobowa SCHILLER, Friedrich
Daty związane z nazwą (1759-1805)
245 10 - TYTUŁ/ODPOWIEDZIALNOŚĆ
Tytuł Die Jungfrau von Orleans :
Ciąg dalszy tytułu eine romantische Tragödie /
Pozostałe elementy strefy tytułu i oznaczenia odpowiedzialności Friedrich Schiller ; Anm. von Ulrich Karthaus.
260 ## - STREFA ADRESU WYDAWNICZEGO
Miejsce wydania Stuttgart :
Nazwa wydawcy/dystrybutora Philipp Reclam,
Data publikacji, dystrybucji/powstania dokumentu 2002.
300 ## - STREFA OPISU FIZYCZNEGO
Objętość 149 s. ;
Rozmiary 15 cm.
490 1# - STREFA SERII I DOKUMENTU WIELOCZĘŚCIOWEGO - FORMA NIE DO WYSZUKIWANIA
Tytuł i oznaczenie odpowiedzialności serii Universal-Bibliothek ;
Numeracja w obrębie serii Nr 47
650 #9 - HASŁO PRZEDMIOTOWE W FORMIE NAZWY OGÓLNEJ LUB JEDNOSTKOWEJ
Nazwa ogólna lub geograficzna Dramat niemiecki
Określnik chronologiczny 18-19 w.
830 ## - HASŁO DODATKOWE SERII LUB DOKUMENTU WIELOCZĘŚCIOWEGO - TYTUŁ UJEDNOLICONY
Tytuł ujednolicony Universal-Bibliothek ;
856 ## - LOKALIZACJA I DOSTĘP DO ELEKTRONICZNYCH DOKUMENTÓW ZDALNYCH
Link (URL) http://koha.tu.koszalin.pl/cgi-bin/koha/opac-detail.pl?biblionumber=45947
Tekst linku Katalog online BPK
942 ## - DODATKOWE ELEMENTY (KOHA)
Typ dokumentu Książka
Egzemplarze
Wycofany Status egzemplarza Uszkodzony Dostępność Lokalizacja stała Lokalizacja bieżąca Miejsce przechowywania Sygnatura Kod kreskowy Typ dokumentu
      Dostępny Biblioteka Politechniki Koszalińskiej Biblioteka Politechniki Koszalińskiej Wypożyczalnia BG 75326 02256511 Książka
      Dostępny Biblioteka Politechniki Koszalińskiej Biblioteka Politechniki Koszalińskiej Wypożyczalnia BG 75327 02256504 Książka
      Dostępny Biblioteka Politechniki Koszalińskiej Biblioteka Politechniki Koszalińskiej Wypożyczalnia BG 75328 02256498 Książka
© 2023 Biblioteka Politechniki Koszalińskiej :: KOHA